| 000 | 00845nam a22001935i 4500 | ||
|---|---|---|---|
| 001 | 178664 | ||
| 003 | ES-MaACL | ||
| 005 | 20230906220600.0 | ||
| 008 | 110610s1971 sp d |||| | spa d | ||
| 080 | _a616.36 | ||
| 100 | 1 |
_aRibas Mundó, Manuel. _996730 |
|
| 245 | 1 | 3 |
_aLa depuración plasmática de la bromosulftaleína (BSF) como prueba del funcionalismo hepático / _cresumen de la tesis presentada para aspirar al grado de doctor en medicina por Juan Rodés Teixidor. |
| 260 |
_aBarcelona : _bUniversidad de Barcelona, Secretariado de Publicaciones, Intercambio Científico y Extensión Universitaria : _bIvern, _c1971. |
||
| 300 |
_a15 p. : _bil. bl. y n. ; _c24 cm. |
||
| 500 | _aCub. tomada como port. | ||
| 650 | 0 | 4 |
_aHígado. _9136250 |
| 710 | 2 |
_aUniversidad de Barcelona. _97141 |
|
| 852 |
_aES-MaACL _jE-15361 (71) _xOlim P-1374 |
||
| 999 |
_c178664 _d178664 |
||